ბათუმის შოთა რუსთაველის სახელმწიფო უნივერსიტეტის ბიბლიოთეკა

ჩანაწერი Personal Name

ჩანაწერთა რაოდენობა, რომელიც გამოყენებულია: 1

001 - CONTROL NUMBER

  • control field: 1195

003 - CONTROL NUMBER IDENTIFIER

  • control field: GE_BSU

005 - DATE AND TIME OF LATEST TRANSACTION

  • control field: 20190515191907.0

008 - FIXED-LENGTH DATA ELEMENTS

  • fixed length control field: 190515|| aca||aabn | a|a d

040 ## - CATALOGING SOURCE

  • Original cataloging agency: GE_BSU
  • Transcribing agency: GE_BSU

100 ## - HEADING--PERSONAL NAME

  • Personal name: ამაშუკელი, ა

670 ## - SOURCE DATA FOUND

  • Source citation: Work cat.: (GE_BSU)38434: ყიფიანი,გ. 1194, კოლხური" და "ფრიგიული" სახლები.vitruvius II, I, 4, 5= "Колхские" и "Фригийские" дома. /